365 personnages Harry Potter - Statistiques

Statistiques générales
  • Ce quiz a été pris 3 321 fois
    3 300 depuis la dernière actualisation
  • Le résultat moyen est 126 sur 365
Statistiques - réponses
Personnages % Correct
Harry Potter
99%
Ron Weasley
99%
Hermione Granger
98%
Albus Dumbledore
94%
Albus Potter
94%
Fred Weasley
92%
Fred Weasley II
92%
George Weasley
91%
James Potter
91%
James Potter II
91%
Lord Voldemort
91%
Severus Rogue
91%
Ginny Weasley
90%
Lily Potter
90%
Lily Potter II
90%
Drago Malefoy
89%
Molly Weasley
88%
Sirius Black
88%
Katie Bell
87%
Luna Lovegood
87%
Minerva McGonagall
87%
Molly Weasley II
87%
Rubeus Hagrid
87%
Arthur Weasley
86%
Bill Weasley
86%
Lucius Malefoy
85%
Fleur Delacour
84%
Neville Londubat
84%
Cho Chang
83%
Percy Weasley
83%
Remus Lupin
82%
Bellatrix Lestrange
81%
Charlie Weasley
81%
Cédric Diggory
80%
Dolores Ombrage
79%
Narcissa Malefoy
79%
Peter Pettigrow
79%
Dobby
78%
Nymphadora Tonks
78%
Dudley Dursley
77%
Pétunia Dursley
77%
Alastor Maugrey
75%
Dean Thomas
75%
Hedwige
74%
Seamus Finnigan
74%
Vernon Dursley
74%
Viktor Krum
73%
Quirinus Quirrell
72%
Filius Flitwick
71%
Tom Jedusor Sr.
71%
Gilderoy Lockhart
70%
Pomona Chourave
70%
Salazar Serpentard
70%
Godric Gryffondor
69%
Nick Quasi-Sans-Tête
69%
Helga Poufsouffle
68%
Tom
68%
Barty Croupton Jr.
67%
Barty Croupton Sr.
67%
Goyle Sr.
67%
Cornelius Fudge
65%
Igor Karkaroff
65%
Kreattur
65%
Parvati Patil
65%
Abelforth Dumbledore
64%
Reg Cattermole
64%
Xenophilius Lovegood
64%
Buck
63%
Horace Slughorn
63%
Lavande Brown
63%
Crabbe Sr.
62%
Helena Serdaigle
62%
Padma Patil
62%
Pansy Parkinson
62%
Pattenrond
62%
Sibylle Trelawney
62%
Argus Rusard
61%
Olivier Dubois
61%
Angelina Johnson
59%
Nagini
59%
Mimi Geignarde
58%
Rowena Serdaigle
58%
Pompom Pomfresh
57%
Renée Bibine
57%
Amos Diggory
56%
Ariana Dumbledore
56%
Colin Crivey
56%
Norbert Dragonneau
56%
Gabrielle Delacour
55%
Norbert
55%
Regulus Black
55%
Baron Sanglant
54%
Kingsley Shacklebolt
54%
Olympe Maxime
54%
Ted Lupin
54%
Ted Tonks
54%
Gellert Grindelwald
53%
Marge Dursley
53%
Fenrir Greyback
52%
Lee Jordan
52%
Rose Granger-Weasley
52%
Firenze
51%
Alice Londubat
50%
Blaise Zabini
50%
Bathilda Tourdesac
49%
Frank Bryce
49%
Frank Londubat
49%
Rita Skeeter
49%
Aragog
48%
Croûtard
48%
Peeves
48%
Rufus Scrimgeour
48%
Graup
47%
Grosse Dame
47%
Pius Thicknesse
47%
Cormac McLaggen
46%
Crockdur
46%
Ernie McMillan
46%
Evangeline Orpington
46%
Hannah Abbot
46%
Mondingus Fletcher
46%
Winky
46%
Miss Teigne
45%
Stan Rocade
45%
Alecto Carrow
44%
Elvis Gaunt
44%
Ernie Danlmur
44%
Hugo Granger-Weasley
44%
Amy Benson
43%
Andromeda Tonks
43%
Arabella Figg
43%
Gripsec
42%
Amycus Carrow
41%
Fumseck
41%
Mary Lou Bellebosse
41%
Alicia Spinnet
40%
Cuthbert Binns
40%
Errol
40%
Touffu
40%
Dennis Bishop
39%
Dennis Crivey
39%
Elphias Doge
39%
Justin Finch-Fletchley
39%
Moine Gras
39%
Phineas Black
39%
Scorpius Malefoy
39%
Antonin Dolohov
38%
Merope Gaunt
38%
Aurora Sinistra
37%
Susan Bones
37%
Ludovic Verpey
36%
Marcus Flint
36%
Victoire Weasley
36%
Coquecigrue
35%
Rodolphus Lestrange
35%
Wihelmina Gobe-Planche
34%
Corban Yaxley
33%
Nicolas Flamel
33%
Augusta Londubat
32%
Bane
32%
Charity Burbage
32%
Garrick Ollivander
32%
Irma Pince
32%
Kendra Dumbledore
32%
Astoria Malefoy
31%
Mafalda Hopkrik
31%
Marcus Belby
31%
Theodore Nott
31%
Theodore Nott Sr.
31%
Ignotus Peverell
30%
Madame Rosmerta
30%
Morfin Gaunt
30%
Pénélope Deauclaire
30%
Amelia Bones
29%
Barjow
29%
Caractacus Beurk
29%
Mary Cattermole
29%
Muriel "Weasley"
29%
Romilda Vane
29%
Trévor
29%
Millicent Bulstrode
28%
Orion Black
28%
Porpentina Goldstein
28%
Albert Runcorn
27%
Zacharias Smith
27%
Dedalus Diggle
26%
Marietta Edgecombe
26%
Vincent Crabbe
26%
Fabian Prewett
25%
Louis Weasley
25%
Millicent Bagnold
25%
Queenie Goldstein
25%
Septima Vector
25%
Walburga Black
25%
Armando Dippet
24%
Augustus Rockwood
24%
Gideon Prewett
24%
Gregory Goyle
24%
Hermès
24%
John Dawlish
24%
Leta Lestrange
24%
Michael Corner
24%
Rabastan Lestrange
24%
Romilda Fauconnette
24%
Albert Boot
23%
Anthony Goldstein
23%
Dominique Weasley
23%
Evan Rosier
23%
Jacob Kowalski
23%
Terry Boot
23%
Basil Flack
22%
Croyance Bellebosse
22%
Eileen Prince
22%
Roxanne Weasley
22%
Arnold
21%
Arnold Bondupois
21%
Florian Fortarôme
21%
Lucy Weasley
21%
Mykew Gregorovitch
21%
Walden McNair
21%
Augustus Pye
20%
Bertha Jorkins
20%
Emmeline Vance
20%
Hepzibah Smith
20%
Madame Guipure
20%
Piers Polkiss
20%
Roger Davies
20%
Tobias Rogue
20%
Daphné Greengrass
19%
Hestia Carrow
19%
Hestia Jones
19%
Thésée Dragonneau
19%
Avery
18%
Avery (II)
18%
Bilius "Weasley"
18%
Bob Ogden
18%
Perceval Dumbledore
18%
Hokey
17%
Irma Crabbe
17%
Sturgis Podmore
17%
Demelza Robins
16%
Nigel Wolpert
16%
Antioche Peverell
15%
Bogrod
15%
Chevalier du Catogan
15%
Jimmy Peakes
15%
Magorian
15%
Olive Hornby
15%
Silvanus Brûlopot
15%
Torquil Travers
15%
Dilys Derwent
14%
Graham Montague
14%
Thorfinn Rowle
14%
Travers
14%
Beedle le Barde
13%
Delphini
13%
Dirk Cresswell
13%
Edgar Bones
13%
Galatea Têtenjoy
13%
Griselda Marchebank
13%
Gwenog Jones
13%
Percival Graves
13%
Scabior
13%
Cadmus Peverell
12%
Leanne
12%
Pandora Lovegood
12%
Adrian Pucey
11%
Corvus Lestrange IV
11%
Corvus Lestrange V
11%
Eric Whalley
11%
Gornuk
11%
Modestie Bellebosse
11%
Mr. Granger
11%
Yusuf Kama
11%
Bathsheda Babbling
10%
Bertie Crochue
10%
Henry Shaw Jr.
10%
Mrs. Granger
10%
Broderick Moroz
9%
Cassius Warrington
9%
Damocles Rowle
9%
Mason
9%
Mrs Mason
9%
Patrick Delaney-Podmore
9%
Ritchie Coote
9%
Ronan
9%
Selwyn
9%
Algie Londubat
8%
Eulalie Hicks
8%
Everard
8%
Lucian Bole
8%
Merlin
8%
Séraphine Picquery
8%
Vinda Rosier
8%
Fleamont Potter
7%
Gnarlak
7%
Laurena Kama
7%
Madame Pieddodu
7%
Mustafa Kama
7%
Robert McGonagall Jr.
7%
Robert McGonagall Sr.
7%
Celestina Moldubec
6%
Euphemia Potter
6%
Rudolph Spielman
6%
Wilkie Tycross
6%
Alphard Black
5%
Apolline Delacour
5%
Gibbon
5%
Miranda Fauconnette
5%
Mrs. Finnigan
5%
Troy
5%
Aidan Lynch
4%
Alfred Cattermole
4%
Cole
4%
Ellie Cattermole
4%
Flora Carrow
4%
Karkus
4%
Malcolm McGonagall
4%
Terrence Higgs
4%
Violette
4%
Wilkes
4%
Angelica Cole
3%
Billy Stubbs
3%
Fridluva
3%
Hassan Mostafa
3%
Miles Bletchley
3%
Morane
3%
Mosag
3%
Roberts
3%
Tofty
3%
Vicky Frobisher
3%
Williamson
3%
Apollon Picott
2%
Artemisia Lufkin
2%
Cecilia
2%
Dexter Fortescue
2%
Dragomir Gorgovitch
2%
Eldred Worpel
2%
Eleanor Branstone
2%
Gervais Ollivander
2%
Gilbert Bingley
2%
Golgomath
2%
Gordon Horton
2%
Grogan Stump
2%
Isobel Ross
2%
Joey Jenkins
2%
Kennilworthy Whisp
2%
Licorus Black
2%
Maisie Cattermole
2%
Pitts
2%
Radolphus Lestrange
2%
Ulick Gamp
2%
Yolanda Reedham
2%
Eldritch Diggory
1%
Flagorneur Obsert
1%
Galvin Gudgeon
1%
Gerbold Ollivander
1%
Hesphaestus Gore
1%
Hortensia Milliphut
1%
Josephina Flint
1%
Mangouste Bonham
1%
Maximilian Crowdy
1%
Ottaline Gambol
1%
Perseus Parkinson
1%
Porteus Knatchbull
1%
Aucun quiz correspondant
Distribution des résultats
% des personnes avec chaque résultat
Percentile par nombre de réponses
Votre historique - résultats
Vous n’avez pas pris ce quiz depuis la dernière actualisation